书目信息 |
| 题名: |
2005MBA联考备考教程
|
|
| 作者: | ;MBA入学考试命题研究组 编 | |
| 分册: | 写作分册 | |
| 出版信息: | 北京 清华大学出版社 2004 |
|
| 页数: | 254页 | |
| 开本: | 26cm | |
| 丛书名: | ||
| 单 册: | ||
| 中图分类: | H152.2 | |
| 科图分类: | ||
| 主题词: | 工商行政管理--研究生--入学考试 , 写作--研究生--入学考试 | |
| 电子资源: | ||
| ISBN: | 7-302-08254-5 | |
| 000 | 00878nam0 2200229 45 | |
| 001 | 002634837 | |
| 005 | 20050413144556.5 | |
| 010 | @a7-302-08254-5@dCNY29.00 | |
| 100 | @a20040429d2004 em y0chiy0110 ea | |
| 101 | 0 | @achi |
| 102 | @aCN@b110000 | |
| 105 | @ay z 000yy | |
| 200 | 1 | @a2005MBA联考备考教程@A2005MBA lian kao bei kao jiao cheng@i写作分册@fMBA入学考试命题研究组编@FMBA Ru Xue Kao Shi Ming Ti Yan Jiu Zu Bian |
| 210 | @a北京@c清华大学出版社@d2004 | |
| 215 | @a254页@d26cm | |
| 330 | @a本书的编写注重对于写作部分的指导力求生动、突出启发性、并注意所选范文的规范性、时代性,讲述“论证有效性分析”的写法,并对论说文、文字材料综述的几种形式进行讲解。 | |
| 606 | 0 | @a工商行政管理@x研究生@x入学考试 |
| 606 | 0 | @a写作@x研究生@x入学考试 |
| 690 | @aH152.2@v4 | |
| 711 | 02 | @aMBA入学考试命题研究组@4编 |
| 801 | 0 | @aCN@bNLC@c20040604 |
| 905 | @f5@b349090-094@dH152.2@e283 | |
| 2005MBA联考备考教程.写作分册/MBA入学考试命题研究组编.-北京:清华大学出版社,2004 |
| 254页;26cm |
| ISBN 7-302-08254-5:CNY29.00 |
| 本书的编写注重对于写作部分的指导力求生动、突出启发性、并注意所选范文的规范性、时代性,讲述“论证有效性分析”的写法,并对论说文、文字材料综述的几种形式进行讲解。 |
| ● |
| 相关链接 |
|
|
|
|
正题名:2005MBA联考备考教程
索取号:H152.2/283
 
预约/预借
| 序号 | 登录号 | 条形码 | 馆藏地/架位号 | 状态 | 备注 |
| 1 | 0349090 | 203490908 | 第二样本阅览室/ [索取号:H152.2/283] | 在馆 | |
| 2 | 0349091 | 203490917 | 第四借阅区/ [索取号:H152.2/283] | 在馆 | |
| 3 | 0349092 | 203490926 | 第四借阅区/ [索取号:H152.2/283] | 在馆 | |
| 4 | 0349093 | 203490935 | 第四借阅区/ [索取号:H152.2/283] | 在馆 | |
| 5 | 0349094 | 203490944 | 第四借阅区/ [索取号:H152.2/283] | 在馆 |